| 000 | 00729cam a22002413a 4500 | ||
|---|---|---|---|
| 001 | 162 | ||
| 003 | PGUSA | ||
| 005 | 20140828082944.0 | ||
| 008 | 940901s1994||||xxu|||||s|||||000 | eng d | ||
| 040 |
_aPGUSA _beng |
||
| 042 | _adc | ||
| 050 | 4 | _aBL | |
| 100 | 1 | _aLaxer, Mark E. | |
| 245 | 1 | 0 |
_aTake Me for a Ride : _bComing of Age in a Destructive Cult _h[electronic resource] / _cMark E. Laxer |
| 260 |
_bProject Gutenberg, _c1994 |
||
| 506 | _aCopyrighted. Read the copyright notice inside this book for details. | ||
| 516 | _aElectronic text | ||
| 653 | _aLenz, Frederick, 1950- | ||
| 653 | _aCults -- United States | ||
| 830 | 0 |
_aProject Gutenberg _v162 |
|
| 856 | 4 | 0 | _uhttp://www.gutenberg.org/ebooks/162 |
| 942 | _cEB | ||
| 999 |
_c229533 _d229533 |
||